A dynamic analysis of trade and development in Islamic countries : (Record no. 60820)
[ view plain ]
| 000 -LEADER | |
|---|---|
| fixed length control field | 00786nam a2200229 a 4500 |
| 001 - CONTROL NUMBER | |
| control field | 60820 |
| 003 - CONTROL NUMBER IDENTIFIER | |
| rucl marc code | BD-RjUL |
| 005 - DATE AND TIME OF LATEST TRANSACTION | |
| control field | 20211209080903.0 |
| 008 - FIXED-LENGTH DATA ELEMENTS--GENERAL INFORMATION | |
| fixed length control field | 170103s2003 bg b 000 0 eng d |
| 020 ## - INTERNATIONAL STANDARD BOOK NUMBER | |
| International Standard Book Number | 9848203369 |
| 035 ## - SYSTEM CONTROL NUMBER | |
| System control number | (BD-RjUL)60944 |
| 040 ## - CATALOGING SOURCE | |
| Original cataloging agency | BD-RjUL |
| Transcribing agency | BD-RjUL |
| Language of cataloging | BD-RjUL |
| Modifying agency | eng |
| 041 ## - LANGUAGE CODE | |
| Language code of text/sound track or separate title | eng |
| 082 ## - DEWEY DECIMAL CLASSIFICATION NUMBER | |
| Edition number | 23 |
| Classification number | 330.91767 |
| Author mark and year | CHD 2003 |
| 100 1# - MAIN ENTRY--PERSONAL NAME | |
| Personal name | Choudhury, Masudul Alam, |
| Dates associated with a name | 1948- |
| 9 (RLIN) | 175350 |
| 245 12 - TITLE STATEMENT | |
| Title | A dynamic analysis of trade and development in Islamic countries : |
| Remainder of title | selected case studies / |
| Statement of responsibility, etc. | Masudul Alam Choudhury. |
| 260 ## - PUBLICATION, DISTRIBUTION, ETC. (IMPRINT) | |
| Place of publication, distribution, etc. | Dhaka : |
| Name of publisher, distributor, etc. | Bangladesh Institute of Islamic Thought, |
| Date of publication, distribution, etc. | 2003. |
| 300 ## - PHYSICAL DESCRIPTION | |
| Pagination | xviii, 316 p. ; |
| Size | 23 cm. |
| 651 #0 - SUBJECT ADDED ENTRY--GEOGRAPHIC NAME | |
| Geographic name | Islamic countries |
| General subdivision | Commerce. |
| 9 (RLIN) | 181284 |
| Geographic name | Islamic countries |
| General subdivision | Commerce |
| Form subdivision | Case studies. |
| 9 (RLIN) | 181285 |
| 942 ## - ADDED ENTRY ELEMENTS (KOHA) | |
| Source of classification or shelving scheme | Dewey Decimal Classification |
| Koha item type | Books |
| Lost status | Source of classification or shelving scheme | Damaged status | Not for loan | Collection code | Permanent Location | Current Location | Shelving location | Date acquired | Source of acquisition | Total Checkouts | Full call number | Date last seen | Copy number | Koha item type | Cost, normal purchase price |
|---|---|---|---|---|---|---|---|---|---|---|---|---|---|---|---|
| Dewey Decimal Classification | Not For Loan | Non-fiction | Central Library, University of Rajshahi | Central Library, University of Rajshahi | Reading Room | 15/04/2004 | Gift | 330.91767 CHD 2003 | 03/01/2017 | C-1 | Books | ||||
| Dewey Decimal Classification | Non-fiction | Central Library, University of Rajshahi | Central Library, University of Rajshahi | 15/12/2011 | Publisher, Dhaka | 330.91767 CHD 2003 | 04/01/2017 | C-2 | Books | 350.00 |